000
00292nam a22001217a 4500
008
180731b xxu||||| |||| 00| 0 eng d
082
_a
813.52
245
_a
World regional geography viedos on DVD
_c
Pearson
260
_c
2008
300
_a
2
_f
CD
440
_x
9780131593480
942
_2
ddc
_c
MX
999
_c
46692
_d
46692